Catálogo Biblioteca Central

La declaración de la OIT de 1998 sobre los principios y derechos fundamentales (Registro nro. 59353)

Detalles MARC
000 -CABECERA
campo de control de longitud fija 00790naa a2200229 i 4500
001 - NÚMERO DE CONTROL
campo de control 59353
003 - IDENTIFICADOR DEL NÚMERO DE CONTROL
campo de control ES-MaBCM
005 - FECHA Y HORA DE LA ÚLTIMA TRANSACCIÓN
campo de control 20241016112109.0
008 - CÓDIGOS DE INFORMACIÓN DE LONGITUD FIJA
campo de control de longitud fija 990414s1998 esp 000 0 spa d
021 ## -
-- xx
035 ## - NÚMERO DE CONTROL DEL SISTEMA
Número de control de sistema (OCoLC)1365146084
040 ## - FUENTE DE LA CATALOGACIÓN
Centro transcriptor ES-MaBCM
041 0# - CÓDIGO DE LENGUA
Código de lengua del texto/banda sonora o título independiente spa
043 ## - CÓDIGO DE ÁREA GEOGRÁFICA
Código de área geográfica esp
100 1# - PUNTO DE ACCESO PRINCIPAL - NOMBRE DE PERSONA
Nombre de persona Kellerson, Hilary
9 (RLIN) 24377
245 10 - MENCIÓN DE TÍTULO
Título La declaración de la OIT de 1998 sobre los principios y derechos fundamentales
Resto del título : un reto para el futuro
Mención de responsabilidad etc. Hilary Kellerson
520 ## - SUMARIO, ETC.
Sumario etc. El texto de la declaración en las pág. 273-277
650 27 - PUNTO DE ACCESO ADICIONAL DE MATERIA--TÉRMINO DE MATERIA
Término de materia o nombre geográfico como elemento inicial Derecho del individuo
9 (RLIN) 58361
650 #4 - PUNTO DE ACCESO ADICIONAL DE MATERIA--TÉRMINO DE MATERIA
Término de materia o nombre geográfico como elemento inicial Organización Internacional del Trabajo
9 (RLIN) 52679
773 0# - ENLACE AL DOCUMENTO FUENTE
Encabezamiento principal En:
Título Revista internacional del trabajo
Lugar editor y fecha de publicación Ginebra : 1998
Número de control del registro relacionado 104633
Parte(s) relacionada(s) v. 117, n. 2, p. 243-248. - Loc. S.375
942 ## - ELEMENTOS DE PUNTO DE ACCESO ADICIONAL (KOHA)
Tipo de ítem Koha Artículos de revistas
Existencias
Estado de retiro Estado de pérdida Estado dañado No para préstamo Localización permanente Ubicación/localización actual Fecha de adquisición Total de préstamos Precio válido a partir de Tipo de ítem Koha
        Biblioteca Central del Ministerio de la Presidencia Biblioteca Central del Ministerio de la Presidencia 21/04/2012   21/04/2012 Artículos de revistas